000 00730pam a2200229 a 4500
001 1599178
005 20180209044408.0
008 941116s1995 mnuab b 001 0 eng
010 _a 94045224
020 _a031404390X (recycled, acidfree paper)
040 _aDLC
_cDLC
_dDLC
041 _aeng
080 _a306.8 BRY
082 0 0 _a306.8 BRY
_220
100 1 _a48
101 _aPSI
245 1 4 _aThe marriage and family experience /
_cBryan Strong, Christine DeVault.
504 _aIncludes bibliographical references and index.
906 _a7
_bcbc
_corignew
_d1
_eocip
_f19
_gy-gencatlg
942 _2ddc
_cBK
999 _c42232
_d42232